| 000 | | | 03991cmc2a2200253#x 450 |
| 001 | | | 4550dbe2-7a08-4793-9149-72d7f4c516e4 |
| 005 | | | 20241212161054.0 |
| 100 | ## | $a | 20241212l18461915k###0rusy50 ca |
| 101 | 0# | $a | rus |
| 102 | ## | $a | RU |
| 122 | 2# | $a | d1846###### |
| | $a | d1915###### |
| 200 | 1# | $a | Этнографические и статистические данные о жителях Волынской губернии |
| | $j | 1846-1915 |
| 215 | ## | $a | 30 единиц хранения |
| 251 | ## | $c | Опись |
| 461 | #0 | $1 | 001fbdf263a-6824-406c-bf44-fdc6fe2f81ac |
| | $1 | 2001 |
| | $a | Рукописи по Волынской губернии (география, этнография, фольклор) |
| | $j | 1846-1915 |
| | $v | Оп. 1 |
| | $1 | 251 |
| | $a | 1 опись |
| | $c | Фонд |
| | $1 | 71002 |
| | $3 | LIBNET\UAF\0000101025 |
| | $a | Русское географическое общество |
| | $b | Научный архив |
| | $1 | 852 |
| | $a | НА РГО |
| | $j | Р-VIII |
| 601 | 02 | $2 | prlib_sh |
| | $3 | LIBNET\UAF\0000066563 |
| | $a | Русское географическое общество |
| | $x | Деятельность |
| | $j | Архивы |
| 606 | 1# | $2 | prlib_sh |
| | $3 | DITM\AF\0000004925 |
| | $a | Народы Европейской части России |
| | $x | Историко-этнографические исследования |
| | $j | Архивы |
| 607 | ## | $2 | nlr_sh1 |
| | $3 | RU\NLR\AUTH\66217813 |
| | $a | Волынская губерния |
| | $j | Архивы |
| 686 | ## | $a | 63.3(28-8Вон)л63 |
| | $v | LBC/M |
| | $2 | rubbk |
| 801 | #0 | $a | RU |
| | $b | ПБ им. Б.Н. Ельцина |
| | $c | |
| 801 | #1 | $a | RU |
| | $b | ПБ им. Б.Н. Ельцина |
| | $c | |
| | $2 | rusmarc |
| 801 | #2 | $a | RU |
| | $b | ПБ им. Б.Н. Ельцина |
| | $c | 20241212 |
| | $g | RCR |
| | $2 | rusmarc |
| 852 | ## | $a | НА РГО |
| | $j | 1 |
| 856 | 4# | $n | ПБ им. Б.Н. Ельцина |
| | $u | http://readingroom.main.prlib.ru/item.aspx?id_node=n195277959&mode=full |
| 035 | ## | $a | LIBNET\0001443979 |
| 937 | ## | $d | 195277959 |
| | $h | ПБ |